BIBLIOTECA PODER JUDICIAL
Portal Judicial TDF

Fluctuaciones económicas / (Registro nro. 420)

000 -LEADER
fixed length control field 00537nam a22001817a 4500
003 - CONTROL NUMBER IDENTIFIER
control field OSt
005 - DATE AND TIME OF LATEST TRANSACTION
control field 20191007134639.0
008 - FIXED-LENGTH DATA ELEMENTS--GENERAL INFORMATION
fixed length control field 180309b xxu||||| |||| 00| 0 spa d
040 ## - CATALOGING SOURCE
Transcribing agency PJ
100 ## - ASIENTO PRINCIPAL - NOMBRE DE PERSONA
9 (RLIN) 491
Personal name Guitton, Henri
245 10 - MENCIÓN DE TÍTULO
Título propiamente dicho Fluctuaciones económicas /
Mención de responsabilidad, etc Henri Guitton.
260 ## - PUBLICATION, DISTRIBUTION, ETC. (IMPRINT)
Place of publication, distribution, etc Buenos Aires :
Name of publisher, distributor, etc La Ley,
Date of publication, distribution, etc 1965.
300 ## - DESCRIPCION FISICA
Extent 360 p.
Dimensions 24 cm.
500 ## - NOTA GENERAL
General note Citas y notas bibliográficas a pie de página.
650 #0 - ASIENTO SECUNDARIO DE MATERIA - TERMINO TEMATICO
9 (RLIN) 300
Topical term or geographic name as entry element ECONOMIA POLITICA
650 #0 - ASIENTO SECUNDARIO DE MATERIA - TERMINO TEMATICO
9 (RLIN) 492
Topical term or geographic name as entry element CICLOS
942 ## - ADDED ENTRY ELEMENTS (KOHA)
Source of classification or shelving scheme
Koha item type Libros
Existencias
Withdrawn status Lost status Source of classification or shelving scheme Damaged status Not for loan Permanent Location Current Location Date acquired Full call number Barcode Date last seen Price effective from Koha item type
          Biblioteca Poder Judicial Sur Biblioteca Poder Judicial Sur 2018-05-07 330.31 GUI 1039 2018-05-07 2018-05-07 Libros

12 de Octubre 789 Ushuaia - Tel:  54(02901)441571
Horario de Atención: 8.00 a 17.00 hs. 
bibliotecaush@justierradelfuego.gov.ar
koha@justierradelfuego.gov.ar
Seguinos en nuestras redes @bibliojustdf 

Con tecnología Koha